000 01499ny a22003493n 4500
005 20240305165312.0
008 060505s2006 sp 00||0 spa d
017 _aD.L. SE.1976-2006
020 _a8497728521
035 _a1378
040 _aUMA.DER
_dUMA.RE
_dvLex
080 _a343.222(460)
080 _a343.412(460)
080 _a347.51(460)
090 _c135
_d135
100 1 _aGarcía Ripoll Montijano, Martín
245 1 0 _aIlicitud, culpa y estado de necesidad
_h[Recurso electrónico]
_b(un estudio de responsabilidad extracontractual en los Códigos Penal y Civil) /
_cMartín García-Ripoll Montijano
256 _aServicio en línea
260 _aMadrid :
_bDykinson,
_c2006
300 _a264 p. ;
_c21 cm
490 1 _aMonografías de derecho penal ;
_v6
506 1 _aContenido solo disponible en los productos indicados
_dvLex Global
_dvLex Global (Academic Edition, excluding Law Schools)
_dvLex Global (U.S. Academic Edition, Law Schools)
_dvLex Global (U.S. Academic Edition, excluding Law Schools)
_dvLex Global (Academic Edition, Law Schools)
650 0 7 _aPenal
_2Tesauro vLex
650 0 7 _aCulpabilidad
_2Tesauro vLex
650 0 7 _aDeclaración de culpabilidad
_2Tesauro vLex
650 0 7 _aPrincipio de culpabilidad
_2Tesauro vLex
650 0 7 _aEstado de necesidad
_2Tesauro vLex
740 0 _avLex Libros (Servicios en línea)
830 0 _aMonografías de derecho penal (Editorial Dykinson)
856 4 0 _uhttps://app.vlex.com/#/sources/1378
942 _cRAA
999 _c158673
_d158673